Desigualdad de ingresos y bienestar 1990-1996: análisis comparativo desde un enfoque nacional-regional

Saved in:
Bibliografiske detaljer
Corporate Authors: MIDEPLAN (Author), Ministerio de Planificación y Cooperación (Author)
Format: Bog
Sprog:spansk
Udgivet: Santiago MIDEPLAN 1999
Serier:Documentos Regionales, 7
Fag:
Tags: Tilføj Tag
Ingen Tags, Vær først til at tagge denne postø!

MARC

LEADER 00000nam a2200000 a 4500
001 UCM0633
003 CL-VaPUC
008 020301e19990000CL |||||||||||||||||spa|d
082 0 4 |a 331.22  |b MID  |2 21 
110 2 |a MIDEPLAN  |e author  |9 467569 
710 2 |a Ministerio de Planificación y Cooperación  |e author  |9 467570 
245 1 0 |a Desigualdad de ingresos y bienestar 1990-1996: análisis comparativo desde un enfoque nacional-regional 
300 |a 93 p 
942 |c BK 
945 |d 20020301 00:00:00  |a cmena 
260 |a Santiago  |b MIDEPLAN  |c 1999 
650 0 |a Distribución del ingreso  |9 334288 
650 0 |a Desigualdad social  |9 349409 
650 0 |a Problemas sociales  |9 258537 
650 7 |a INGRESO PER CAPITA  |2 CL-VaPUC  |9 467571 
651 7 |a CHILE  |2 CL-VaPUC  |9 467572 
583 |a last modification  |c 20020301 00:00:00  |k Rodrigo Vera 
490 0 |a Documentos Regionales, 7 
999 |c 299508  |d 299506 
952 |0 0  |1 0  |4 0  |6 331_220000000000000_MID_1999  |7 0  |8 A  |9 356103  |a BIBGIM  |b BIBGIM  |d 2019-11-21  |i 3584623  |o 331.22 MID 1999  |p 3584623  |r 2025-01-15  |w 2019-11-21  |y BK  |k GIM